<?xml version="1.0" encoding="UTF-8"?>
<marc:record xmlns:marc="http://www.loc.gov/MARC21/slim">
   <marc:leader>00000nam a2200000 a 4500</marc:leader>
   <marc:datafield ind1="1" ind2=" " tag="100">
      <marc:subfield code="a">Buba, Hans Peter</marc:subfield>
      <marc:subfield code="4">aut</marc:subfield>
      <marc:subfield code="e">Verfasser/-in</marc:subfield>
   </marc:datafield>
   <marc:datafield ind1="1" ind2=" " tag="100">
      <marc:subfield code="a">Globisch, Susanne</marc:subfield>
      <marc:subfield code="4">aut</marc:subfield>
      <marc:subfield code="e">Verfasser/-in</marc:subfield>
   </marc:datafield>
   <marc:datafield ind1=" " ind2=" " tag="653">
      <marc:subfield code="a">Umweltbewusstsein</marc:subfield>
   </marc:datafield>
   <marc:datafield ind1=" " ind2=" " tag="653">
      <marc:subfield code="a">Verhalten</marc:subfield>
   </marc:datafield>
   <marc:datafield ind1=" " ind2=" " tag="653">
      <marc:subfield code="a">Persönlichkeitstyp</marc:subfield>
   </marc:datafield>
   <marc:datafield ind1=" " ind2=" " tag="653">
      <marc:subfield code="a">Lebensstil</marc:subfield>
   </marc:datafield>
   <marc:datafield ind1=" " ind2=" " tag="653">
      <marc:subfield code="a">Lebensform</marc:subfield>
   </marc:datafield>
   <marc:datafield ind1="0" ind2="0" tag="245">
      <marc:subfield code="a">Ökologische Sozialcharaktere</marc:subfield>
   </marc:datafield>
   <marc:datafield ind1="0" ind2="0" tag="245">
      <marc:subfield code="b">von Weltveränderern, Egoisten und Resignierten - Persönlichkeitstyp und Lebenswelt als Basis von Umweltverhalten</marc:subfield>
   </marc:datafield>
   <marc:datafield ind1="0" ind2="0" tag="245">
      <marc:subfield code="c">Hans Peter Buba ; Susanne Globisch. [Hrsg. vom Umweltbundesamt</marc:subfield>
   </marc:datafield>
   <marc:datafield ind1=" " ind2="1" tag="264">
      <marc:subfield code="a">München</marc:subfield>
      <marc:subfield code="b">Oekom</marc:subfield>
      <marc:subfield code="c">2008</marc:subfield>
   </marc:datafield>
   <marc:datafield ind1="1" ind2=" " tag="520">
      <marc:subfield code="a">Angaben aus der Verlagsmeldung

Ökologische Sozialcharaktere : Von Weltveränderern, Egoisten und Resignierten. Persönlichkeitstyp und Lebenswelt als Basis von Umweltverhalten / von Hanspeter Buba, Susanne Globisch

Ob Weltveränderer, Resignierter, Egoist oder überforderter Helfer: Umweltbewusstes und nachhaltiges Handeln ist eine Frage der Persönlichkeit. Das ist die Erkenntnis der vorliegenden Studie, in der die Autoren aus umfangreichem empirischem Material die Zusammenhänge zwischen Persönlichkeitstyp und Umweltverhalten ableiten. Sie zeichnen ein anschauliches Bild der verschiedenen Typen und zeigen, welche Einstellungen das Umweltverhalten entscheidend beeinflussen.
Gemeinsam mit Lebensstilen und -formen erschließen die Persönlichkeitstypen ein besseres Verständnis für die Grenzen, aber auch für die Chancen von nachhaltigem Handeln. Sie stellen die weitere Forschung auf eine neue Grundlage und können als strategischer Ansatz für Umweltpolitik und Nachhaltigkeitsinitiativen genutzt werden.
</marc:subfield>
   </marc:datafield>
   <marc:datafield ind1=" " ind2=" " tag="020">
      <marc:subfield code="a">9783865810625</marc:subfield>
      <marc:subfield code="9">9783865810625</marc:subfield>
   </marc:datafield>
   <marc:datafield ind1=" " ind2=" " tag="041">
      <marc:subfield code="a">ger</marc:subfield>
   </marc:datafield>
   <marc:datafield ind1=" " ind2=" " tag="300">
      <marc:subfield code="a">128 S.</marc:subfield>
   </marc:datafield>
</marc:record>
